This side of Paradise

Tallennettuna:
Bibliografiset tiedot
Päätekijä: Francis Scott Fitzgerald
Aineistotyyppi: Kirja
Kieli:Undetermined
Julkaistu: London Everyman's Library 1996
Aiheet:
Tagit: Lisää tagi
Ei tageja, Lisää ensimmäinen tagi!
Thư viện lưu trữ: Trung tâm Học liệu Trường Đại học Cần Thơ
LEADER 00539nam a2200181Ia 4500
001 CTU_33911
008 210402s9999 xx 000 0 und d
082 |a 813.5 
082 |b F553s 
100 |a Francis Scott Fitzgerald 
245 0 |a This side of Paradise 
245 0 |c Francis Scott Fitzgerald 
260 |a London 
260 |b Everyman's Library 
260 |c 1996 
650 |a american fiction - 20th century,american literature - 20th century 
904 |i Minh, 991117 
980 |a Trung tâm Học liệu Trường Đại học Cần Thơ